Genshin Impact characters with pictures (V6.5) - Statistics

General Stats
  • This quiz has been taken 21,769 times
    1,058 since last reset
  • The average score is 99 of 114
Answer Stats
Picture Answer % Correct
Aether
98%
Amber
97%
Albedo
96%
Barbara
94%
Aino
93%
Arataki Itto
93%
Bennett
93%
Diluc
93%
Furina
93%
Jean
93%
Arlecchino
92%
Beidou
92%
Columbina
92%
Hu Tao
92%
Klee
92%
Lisa
92%
Lumine
92%
Qiqi
92%
Venti
92%
Aloy
91%
Kaeya
91%
Mona
91%
Nahida
91%
Raiden Shogun
91%
Cyno
90%
Eula
90%
Fischl
90%
Flins
90%
Gaming
90%
Kaedehara Kazuha
90%
Xiao
90%
Alhaitham
89%
Baizhu
89%
Chasca
89%
Diona
89%
Durin
89%
Ganyu
89%
Kamisato Ayaka
89%
Razor
89%
Tartaglia
89%
Varka
89%
Wanderer
89%
Candace
88%
Dehya
88%
Kamisato Ayato
88%
Keqing
88%
Lynette
88%
Lyney
88%
Neuvillette
88%
Noelle
88%
Skirk
88%
Zhongli
88%
Charlotte
87%
Collei
87%
Dori
87%
Gorou
87%
Mavuika
87%
Sangonomiya Kokomi
87%
Sucrose
87%
Thoma
87%
Chongyun
86%
Citlali
86%
Escoffier
86%
Ifa
86%
Ineffa
86%
Kaveh
86%
Kinich
86%
Kujou Sara
86%
Kuki Shinobu
86%
Lauma
86%
Mika
86%
Navia
86%
Nefer
86%
Rosaria
86%
Emilie
85%
Faruzan
85%
Nilou
85%
Shenhe
85%
Tighnari
85%
Yae Miko
85%
Chiori
84%
Clorinde
84%
Dahlia
84%
Mualani
84%
Ningguang
84%
Yelan
84%
Freminet
83%
Jahoda
83%
Layla
83%
Ororon
83%
Xiangling
83%
Yaoyao
83%
Illuga
82%
Kachina
82%
Kirara
82%
Sayu
82%
Varesa
82%
Yanfei
82%
Shikanoin Heizou
81%
Yumemizuki Mizuki
81%
Chevreuse
80%
Xilonen
80%
Yoimiya
80%
Zibai
80%
Iansan
79%
Lan Yan
79%
Sethos
79%
Wriothesley
79%
Xingqiu
77%
Sigewinne
76%
Linnea
75%
Xianyun
74%
Yun Jin
73%
Xinyan
71%
No matching quizzes found
Score Distribution
Percent of People with Each Score
Percentile by Number Answered
Your Score History
You have not taken this quiz since the last reset